Introductory engineering modeling emphasizing differential models and computer simulations
সংরক্ষণ করুন:
| প্রধান লেখক: | , |
|---|---|
| বিন্যাস: | গ্রন্থ |
| ভাষা: | ইংরেজি |
| প্রকাশিত: |
Nueva York
John Wiley
1986
|
| বিষয়গুলি: | |
| ট্যাগগুলো: |
ট্যাগ যুক্ত করুন
কোনো ট্যাগ নেই, প্রথমজন হিসাবে ট্যাগ করুন!
|
MARC
| LEADER | 00000nam a2200000 a 4500 | ||
|---|---|---|---|
| 001 | UCX3850 | ||
| 003 | CL-VaPUC | ||
| 008 | 920114e19860000US |||||||||||||||||eng|d | ||
| 082 | 0 | 4 | |a 620.007 |b RIE |2 21 |
| 100 | 0 | |a Rieder, William G |e author |9 320061 | |
| 700 | 0 | |a Busby, Henry R |e author |9 320062 | |
| 245 | 1 | 0 | |a Introductory engineering modeling emphasizing differential models and computer simulations |
| 300 | |a 346 p | ||
| 942 | |c BK | ||
| 945 | |d 19920114 00:00:00 |a mfernand | ||
| 260 | |a Nueva York |b John Wiley |c 1986 | ||
| 650 | 7 | |a MAQUETAS INGENIERIA |2 CL-VaPUC |9 320063 | |
| 650 | 0 | |a Simulación por computador |9 260988 | |
| 650 | 0 | |a Aplicaciones de computadores |9 260401 | |
| 583 | |a last modification |c 19920114 00:00:00 |k Rodrigo Vera | ||
| 999 | |c 224496 |d 224494 | ||